Managing biological and genetic diversity in tropical agroforestry (Record no. 62467)
[ view plain ]
| 000 -LEADER | |
|---|---|
| fixed length control field | 00550nam a2200205Ia 4500 |
| 100 ## - MAIN ENTRY--AUTHOR NAME | |
| Personal name | Atta-Krah K |
| 245 #0 - TITLE STATEMENT | |
| Title | Managing biological and genetic diversity in tropical agroforestry |
| 260 ## - PUBLICATION, DISTRIBUTION, ETC. (IMPRINT) | |
| Name of publisher | Agroforestry Systems |
| Year of publication | 2004 |
| 300 ## - PHYSICAL DESCRIPTION | |
| Number of Pages | 183-194 |
| 650 ## - SUBJECT ADDED ENTRY--TOPICAL TERM | |
| Topical Term | Agroecosystems |
| 650 ## - SUBJECT ADDED ENTRY--TOPICAL TERM | |
| Topical Term | Conservation |
| 650 ## - SUBJECT ADDED ENTRY--TOPICAL TERM | |
| Topical Term | Genetic diversity |
| 650 ## - SUBJECT ADDED ENTRY--TOPICAL TERM | |
| Topical Term | Genetic management |
| 650 ## - SUBJECT ADDED ENTRY--TOPICAL TERM | |
| Topical Term | Tree genetic resources |
| 700 ## - ADDED ENTRY--PERSONAL NAME | |
| Personal name | Amaral W |
| 700 ## - ADDED ENTRY--PERSONAL NAME | |
| Personal name | Kindt R |
| 700 ## - ADDED ENTRY--PERSONAL NAME | |
| Personal name | Skilton J N |
| 942 ## - ADDED ENTRY ELEMENTS (KOHA) | |
| Koha item type | Journals |
| Withdrawn status | Lost status | Damaged status | Not for loan | Home library | Current library | Shelving location | Date acquired | Serial Enumeration / chronology | Koha item type |
|---|---|---|---|---|---|---|---|---|---|
| Journals | RRII Library | RRII Library | Agronomy | 17/12/2021 | Volume 61&62, Issue | Journals |